Relocating television : (Record no. 19293)
[ view plain ]
| 000 -LEADER | |
|---|---|
| fixed length control field | 01520cam a2200361 a 4500 |
| 001 - CONTROL NUMBER | |
| control field | 15991446 |
| 005 - DATE AND TIME OF LATEST TRANSACTION | |
| control field | 20150512105210.0 |
| 008 - FIXED-LENGTH DATA ELEMENTS--GENERAL INFORMATION | |
| fixed length control field | 091120s2010 enkad frb 101 0 eng d |
| 020 ## - INTERNATIONAL STANDARD BOOK NUMBER | |
| International Standard Book Number | 9780415564526 (hardback) |
| 020 ## - INTERNATIONAL STANDARD BOOK NUMBER | |
| International Standard Book Number | 0415564522 (hardback) |
| 020 ## - INTERNATIONAL STANDARD BOOK NUMBER | |
| International Standard Book Number | 9780415564533 (pbk.) |
| 020 ## - INTERNATIONAL STANDARD BOOK NUMBER | |
| International Standard Book Number | 0415564530 (pbk.) |
| 020 ## - INTERNATIONAL STANDARD BOOK NUMBER | |
| International Standard Book Number | 9780203851371 (ebook) |
| 020 ## - INTERNATIONAL STANDARD BOOK NUMBER | |
| International Standard Book Number | 0203851374 (ebook) |
| 040 ## - CATALOGING SOURCE | |
| Original cataloging agency | DLC |
| Transcribing agency | DLC |
| Modifying agency | YDX |
| -- | YDXCP |
| -- | BWK |
| -- | CDX |
| -- | BWX |
| -- | FXN |
| -- | UKM |
| -- | DLC |
| -- | EG-ScBUE |
| 082 04 - DEWEY DECIMAL CLASSIFICATION NUMBER | |
| Classification number | 302.234 |
| Edition number | 22 |
| Item number | REL |
| 245 00 - TITLE STATEMENT | |
| Title | Relocating television : |
| Remainder of title | television in the digital context / |
| Statement of responsibility, etc | edited by Jostein Gripsrud. |
| 260 ## - PUBLICATION, DISTRIBUTION, ETC. (IMPRINT) | |
| Place of publication, distribution, etc | Oxon ; |
| -- | New York : |
| Name of publisher, distributor, etc | Routledge / Taylor & Francis Group, |
| Date of publication, distribution, etc | 2010. |
| 300 ## - PHYSICAL DESCRIPTION | |
| Extent | xxi, 275 p. : |
| Other physical details | charts, tables ; |
| Dimensions | 25 cm. |
| 490 0# - Series Statement | |
| Series statement | Comedia |
| 500 ## - GENERAL NOTE | |
| General note | Originally presented as papers at a symposium organized by the DigiCult research group in Paris in collaboration with the Institut Francais de Presse at the Universite de Paris II in October, 2008. |
| 500 ## - GENERAL NOTE | |
| General note | Index : p. 271-275. |
| 504 ## - BIBLIOGRAPHY, ETC. NOTE | |
| Bibliography, etc | Includes bibliographical references. |
| 650 #7 - SUBJECT ADDED ENTRY--TOPICAL TERM | |
| Topical term or geographic name as entry element | Television broadcasting |
| General subdivision | Technological innovations |
| Form subdivision | Congresses. |
| Source of heading or term | BUEsh |
| 9 (RLIN) | 37858 |
| 650 #7 - SUBJECT ADDED ENTRY--TOPICAL TERM | |
| Topical term or geographic name as entry element | Digital television |
| Form subdivision | Congresses. |
| Source of heading or term | BUEsh |
| 9 (RLIN) | 37859 |
| 650 #7 - SUBJECT ADDED ENTRY--TOPICAL TERM | |
| Topical term or geographic name as entry element | Digital media |
| Form subdivision | Congresses. |
| Source of heading or term | BUEsh |
| 9 (RLIN) | 37860 |
| 650 #7 - SUBJECT ADDED ENTRY--TOPICAL TERM | |
| Topical term or geographic name as entry element | Television programs |
| General subdivision | Social aspects |
| Form subdivision | Congresses. |
| Source of heading or term | BUEsh |
| 9 (RLIN) | 37861 |
| 651 ## - SUBJECT ADDED ENTRY--GEOGRAPHIC NAME | |
| Source of heading or term | BUEsh |
| 653 ## - INDEX TERM--UNCONTROLLED | |
| Resource For college | Communication and mass media |
| Arrived date list | May2015 |
| 655 ## - INDEX TERM--GENRE/FORM | |
| Form subdivision | |
| -- | 34232 |
| 700 1# - ADDED ENTRY--PERSONAL NAME | |
| Personal name | Gripsrud, Jostein, |
| Dates associated with a name | 1952-, |
| 9 (RLIN) | 37862 |
| Relator term | editor. |
| 942 ## - ADDED ENTRY ELEMENTS (KOHA) | |
| Source of classification or shelving scheme | Dewey Decimal Classification |
| Withdrawn status | Item status | Source of classification or shelving scheme | Damaged status | Not for loan | Vendor | Home library | Current library | Shelving location | Date acquired | Source of acquisition | Cost, normal purchase price | Serial Enumeration / chronology | Total Checkouts | Full call number | Barcode | Date last seen | Cost, replacement price | Koha item type |
|---|---|---|---|---|---|---|---|---|---|---|---|---|---|---|---|---|---|---|
| Dewey Decimal Classification | Alahram | Central Library | Central Library | First floor | 06/05/2015 | 246.00 | 331 | 302.234 REL | 000038154 | 15/07/2025 | 307.50 | Book - Borrowing |